00389nam a2200121Ia 4500008004100000082001800041100001300059245007400072260003900146300001000185630001800195650005400213211109s9999||||xx |||||||||||||| ||und|| a945.63bSMI-S aSmith, W 0aSmaller Histoy of Rome from the Earliest Times to the Death of Trajan bNATIONAL BOOKSTALLaKottayamc1900 a245p. xGeneral Stack aItalian PeninsulavHistory og ItalyItalyxHistory